Programovací techniky /

Salvato in:
Dettagli Bibliografici
Autore principale: Hudec, Bohuslav (Autore)
Natura: Libro
Lingua:ceco
Pubblicazione: Praha : České vysoké učení technické v Praze, 2004
Soggetti:
Tags: Aggiungi Tag
Nessun Tag, puoi essere il primo ad aggiungerne!!

MARC

LEADER 00000nam a22000003a 4500
001 stu115275
005 20150617225844.2
008 060328s2004----xr------------------cze-d
020 |a 80-01-02374-5 
040 |a STU  |b slo 
041 0 |a cze 
044 |a xr 
080 |a 519.68(075.8) 
100 1 |a Hudec, Bohuslav  |4 aut 
245 1 |a Programovací techniky /  |c [aut.]Bohuslav Hudec 
260 |a Praha :  |b České vysoké učení technické v Praze,  |c 2004 
300 |a 234 s 
650 7 |a programovanie  |2 stusub 
996 |b 284EK86259  |c E*86259  |l EE22  |s P  |a 0  |w stu115275_0001